| 000 | 00405nam a2200145Ia 4500 | ||
|---|---|---|---|
| 008 | 230917s9999||||xx |||||||||||||| ||und|| | ||
| 040 |
_e29861 _aMAIN |
||
| 041 | _aEnglish | ||
| 082 | _a515.353 T899I | ||
| 100 | _aTveito, Aslak | ||
| 245 | 0 | _aIntroduction to partial differential equations: A computational approach | |
| 260 |
_aNew York _bSpringer-Verlag _c1998 |
||
| 300 | _aix, 392 p. | ||
| 942 | _cBK | ||
| 999 |
_c100217 _d100217 |
||